Представление документа в формате RUSMARC

ПолеНазваниеЗначение
  Тип записи a
  Библиографический уровень m
001 Контрольный номер RU/CBS_UL/BASE/096a7ac372784f2faeb50dafc5811fc4
005 Дата корректировки 20260427163555.7
010 Индекс ISBN __
a ISBN 978-5-89706-237-9
b Уточнения в пер.
d Цена 1 к.
9 Тираж 2 500 экз.
100 Данные общей обработки __
a Данные общей обработки 20171102d2017 ||| 0rusy0189 ca
101 Язык документа 0_
a Язык текста tat
102 Страна публикации __
a Страна публикации RU
105 Кодированные данные (монография) __
a Кодированные данные (монография) y###||||000|y
181 Поле кодированных данных: вид содержания _1
a Код вида содержания (ISBD) i#
b Код характеристики содержания (ISBD) #xxe##
d i
g x
h x
i e
182 Поле кодированных данных: тип средства _1
a Код типа средства (ISBD) n
2 Код системы (источник кода, отличный от ISBD) isbdmedia
200 Заглавие и сведения об ответственности 1_
a Заглавие Маҗаралы хәлләр
d Параллельное заглавие Приключенческие истории
e Сведения, относящиеся к заглавию на татар. яз.
f Первые сведения об ответственности З. К. Захарова
g Последующие сведения об ответственности худож. Р. Хабибуллин
210 Выходные данные 1_
a Место издания Казань
c Издательство Рухият
d Дата издания 2023
215 Физическое описание __
a Объем 95 с.
d Формат 24,5 см.
c Иллюстрации/тип воспроизводства ил.
300 Общие примечания __
a Общие примечания 12+
606 Тематические рубрики 0_
a Основная рубрика Татарская детская литература, 21 в. - Проза
610 Ключевые слова 0_
a Ключевые слова литература татарская; рассказы для детей; рассказы про детей; современные школьники; школьная жизнь; истории веселые; приключения
686 Индексы других классификаций __
a Классификационный индекс 84(2Рос=Тат)
2 Код системы ББК
700 Автор _1
a Фамилия Захарова
b Имя (инициалы) З. К.
g Полное личное имя Зинаида Кирилловна
801 Источник записи _0
a Страна RU
b Организация МБУК ЦБС
c Дата составления 20171102
g Правила каталогизации RCR
801 Источник записи _1
a Страна RU
b Организация МБУК ЦБС г. Ульяновска
c Дата составления 20171102
g Правила каталогизации RCR
852 Данные о местонахождении __
i Авторский знак З-38
j Шифр хранения Р6=Тат
901 Тип документа __
t Тип документа m